<?xml version="1.0" encoding="UTF-8"?>
<record
    xmlns:xsi="http://www.w3.org/2001/XMLSchema-instance"
    xsi:schemaLocation="http://www.loc.gov/MARC21/slim http://www.loc.gov/standards/marcxml/schema/MARC21slim.xsd"
    xmlns="http://www.loc.gov/MARC21/slim">

  <leader>00384nam a22001337a 4500</leader>
  <controlfield tag="003">NUST</controlfield>
  <controlfield tag="005">20221007094737.0</controlfield>
  <datafield tag="020" ind1=" " ind2=" ">
    <subfield code="a">978-955-8089-06-4</subfield>
  </datafield>
  <datafield tag="082" ind1=" " ind2=" ">
    <subfield code="a">940.93012, SIL</subfield>
  </datafield>
  <datafield tag="245" ind1=" " ind2=" ">
    <subfield code="a">Silent Heroes:</subfield>
    <subfield code="b">The Chronicles and Histories of the Sri lanka  Signals Crops </subfield>
  </datafield>
  <datafield tag="260" ind1=" " ind2=" ">
    <subfield code="a">Sri Lanka</subfield>
    <subfield code="b">Software printing and packaging Ltd </subfield>
    <subfield code="c">2020</subfield>
  </datafield>
  <datafield tag="300" ind1=" " ind2=" ">
    <subfield code="a">396: pages </subfield>
  </datafield>
  <datafield tag="942" ind1=" " ind2=" ">
    <subfield code="2">ddc</subfield>
    <subfield code="c">BK</subfield>
  </datafield>
  <datafield tag="999" ind1=" " ind2=" ">
    <subfield code="c">591561</subfield>
    <subfield code="d">591561</subfield>
  </datafield>
  <datafield tag="952" ind1=" " ind2=" ">
    <subfield code="0">0</subfield>
    <subfield code="1">0</subfield>
    <subfield code="2">ddc</subfield>
    <subfield code="4">0</subfield>
    <subfield code="7">0</subfield>
    <subfield code="a">MCS</subfield>
    <subfield code="b">MCS</subfield>
    <subfield code="c">GEN</subfield>
    <subfield code="d">2022-10-07</subfield>
    <subfield code="o">940.93012,SIL</subfield>
    <subfield code="p">MCS38597</subfield>
    <subfield code="r">2022-10-07</subfield>
    <subfield code="w">2022-10-07</subfield>
    <subfield code="y">BK</subfield>
    <subfield code="z">Almirah Fresh No.45, Shelf No.6</subfield>
  </datafield>
</record>
